000 00262nam a22001097a 4500
008 170116b xxu||||| |||| 00| 0 eng d
020 _a2900805356228
041 _aeng
080 _24TH
_a618.2
245 _aMATERNAL-NEWBORN NURSING CARE
_cLADEWIG
942 _2udc
_cBK
999 _c2919
_d2919